| 000 | 03286 a2201201 4500 | ||
|---|---|---|---|
| 003 | PE-LiUPU | ||
| 005 | 20250813185704.0 | ||
| 008 | 231226b |||||||| |||| 00| 0 spa d | ||
| 020 | _a9786123172398 | ||
| 040 |
_aPE-LiUPU _bspa _cPE-LiUPU _dPE-LiUPU _erda |
||
| 082 |
_223 _a340.985 _bR896t |
||
| 100 | 1 |
_aRubio Correa, Marcial _d1948- |
|
| 245 | 1 | 0 |
_aTeoría esencial del ordenamiento jurídico peruano / _cMarcial Rubio, Elmer Arce |
| 250 | _aPrimera edición | ||
| 260 | _c2017. | ||
| 264 |
_aLima : _bFondo Editorial Pontificia Universidad Católica del Perú, _c2017. |
||
| 300 |
_a190 páginas : _bIlustraciones; _c21 centímetros. |
||
| 490 |
_a(Colección lo esencial del derecho ; _v10) |
||
| 504 | _aPáginas 183-185. | ||
| 505 | _aEstado de derecho en el Perú -- Norma jurídica: las reglas y principios que conforman el derecho -- Estructura del ordenamiento jurídico estatal -- Fuentes del derecho peruano -- Informalidad y fuentes del derecho -- Interpretación -- La integración jurídica -- Antinomias -- La aplicación de las normas jurídicas generales en el tiempo -- Teorías sobre el ser del derecho. | ||
| 526 | _aP202 | ||
| 526 | _aP201 | ||
| 526 | _aP163 | ||
| 526 | _aP162 | ||
| 526 | _aP161 | ||
| 526 | _aP160 | ||
| 526 | _aP148 | ||
| 526 | _aP147 | ||
| 526 | _aP146 | ||
| 526 | _aP145 | ||
| 526 | _aP144 | ||
| 526 | _aP143 | ||
| 526 | _aP142 | ||
| 526 | _aP141 | ||
| 526 | _aP140 | ||
| 526 | _aP139 | ||
| 526 | _aP138 | ||
| 526 | _aP137 | ||
| 526 | _aP136 | ||
| 526 | _aP135 | ||
| 526 | _aP134 | ||
| 526 | _aP133 | ||
| 526 | _aP129 | ||
| 526 | _aP128 | ||
| 526 | _aP127 | ||
| 526 | _aP120 | ||
| 526 | _aP119 | ||
| 526 | _aP118 | ||
| 526 | _aP116 | ||
| 526 | _aP115 | ||
| 526 | _aP114 | ||
| 526 | _aP110 | ||
| 526 | _aP109 | ||
| 526 | _aP108 | ||
| 526 | _aP104 | ||
| 526 | _aP103 | ||
| 526 | _aP102 | ||
| 526 | _aP99 | ||
| 526 | _aP98 | ||
| 526 | _aP97 | ||
| 526 | _aP96 | ||
| 526 | _aP95 | ||
| 526 | _aP93 | ||
| 526 | _aP90 | ||
| 526 | _aP89 | ||
| 526 | _aP88 | ||
| 526 | _aP83 | ||
| 526 | _aP82 | ||
| 526 | _aP62 | ||
| 526 | _aP59 | ||
| 526 | _aP58 | ||
| 526 | _aP57 | ||
| 526 | _aP51 | ||
| 526 | _aP49 | ||
| 526 | _aP48 | ||
| 526 | _aP47 | ||
| 526 | _aP29 | ||
| 526 | _aP24 | ||
| 526 | _aP20 | ||
| 526 | _aP19 | ||
| 526 | _aP17 | ||
| 526 | _aP15 | ||
| 526 | _aP14 | ||
| 526 | _aP12 | ||
| 526 | _aP10 | ||
| 526 | _aP09 | ||
| 526 | _aP08 | ||
| 526 | _aP07 | ||
| 526 | _aP06 | ||
| 526 | _aP05 | ||
| 526 | _aP04 | ||
| 526 | _aP01 | ||
| 650 | 1 | 8 |
_aDerecho _xEstudio y enseñanza. _93518 |
| 650 | 2 | 8 |
_aDerecho _zPerú. _93563 |
| 650 | 2 | 8 |
_aLeyes. _zPerú. _92532 |
| 650 | 2 | 0 |
_aDerecho. _xFuentes. _93516 |
| 650 | 2 | 8 |
_aAdministración de justicia _zPerú. _93517 |
| 700 |
_aArce Ortíz, Elmer Guillermo. _93520 _d1973- _eAutor. |
||
| 710 |
_aPontificia Universidad Católica del Perú. _92255 |
||
| 942 |
_cBK _2ddc _n0 |
||
| 980 |
_621515 _aDIGNA BRAÑES Analista Documental _81 _gALBERTO SANCHEZ Responsable de Automatización |
||
| 999 |
_c62254 _d62253 |
||